Россия - Средняя Азия (Запись № 4601044)
[ простой вид ]
| 000 -МАРКЕР | |
|---|---|
| контрольное поле | 02035nam0a2200373 i 4500 |
| 001 - ИДЕНТИФИКАТОР ЗАПИСИ | |
| контрольное поле | RU\NLR\bibl\2055180 |
| 005 - ИДЕНТИФИКАТОР ВЕРСИИ | |
| контрольное поле | 20260406143631.0 |
| 010 ## - МЕЖДУНАРОДНЫЙ СТАНДАРТНЫЙ НОМЕР КНИГИ (ISBN) | |
| Номер (ISBN) | 9785211064690 |
| Тираж | 500 |
| 021 ## - НОМЕР ГОСУДАРСТВЕННОЙ РЕГИСТРАЦИИ | |
| Код страны | Российская Федерация |
| Номер | 2013-49789 |
| Номер Листа государственной регистраци | 3449 |
| 035 ## - ДРУГИЕ СИСТЕМНЫЕ НОМЕРА | |
| Идентификатор записи | (NLR Aleph) 002042108 |
| 100 ## - ДАННЫЕ ОБЩЕЙ ОБРАБОТКИ | |
| Данные общей обработки | 20130718d2013 k||y0rusy50 ca |
| 101 0# - ЯЗЫК РЕСУРСА | |
| Язык текста, звукозаписи и т.д. | русский |
| Язык резюме | английский |
| 102 ## - СТРАНА ПУБЛИКАЦИИ ИЛИ ПРОИЗВОДСТВА | |
| Страна публикации | Российская Федерация |
| 105 ## - ПОЛЕ КОДИРОВАННЫХ ДАННЫХ: ТЕКСТОВЫЕ МАТЕРИАЛЫ, МОНОГРАФИЧЕСКИЕ | |
| Кодированные данные о монографическом текстовом документе | ach z|||000yy |
| 200 1# - ЗАГЛАВИЕ И СВЕДЕНИЯ ОБ ОТВЕТСТВЕННОСТИ | |
| Основное заглавие | Россия - Средняя Азия |
| Параллельное заглавие | Rissia and Central Asia |
| Сведения, относящиеся к заглавию | политика и ислам в конце XVIII - начале XXI века |
| Первые сведения об ответственности | [Ф.М. Мухаметшин, С.Н. Абашин, Д.Ю. Арапов и др. |
| Последующие сведения об ответственности | ред. совет: акад. РАН А.А. Кокошин (гл. ред.) и др.] |
| -- | Фак. мировой политики МГУ им. М.В. Ломоносова |
| Язык параллельного заглавия | английский |
| 210 ## - ПУБЛИКАЦИЯ, РАСПРОСТРАНЕНИЕ И ДР. | |
| Место издания, распространения и т.д. | Москва |
| Имя издателя, распространителя и т. д. | Изд-во Московского университета |
| Дата издания, распространения и т.д. | 2013 |
| 215 ## - ФИЗИЧЕСКАЯ ХАРАКТЕРИСТИКА | |
| Специфическое обозначение материала и объем | 475, [3] с., [16] л. ил., цв. ил., факс., портр. |
| Размеры | 22 |
| 320 ## - ПРИМЕЧАНИЯ О НАЛИЧИИ В ДОКУМЕНТЕ БИБЛИОГРАФИИ / УКАЗАТЕЛЯ | |
| Текст примечания | Библиогр. в подстроч. примеч. |
| 510 1# - ПАРАЛЛЕЛЬНОЕ ЗАГЛАВИЕ | |
| Параллельное заглавие | Rissia and Central Asia |
| Язык заглавия | английский |
| 606 1# - НАИМЕНОВАНИЕ ТЕМЫ КАК ПРЕДМЕТ | |
| Наименование темы | Ислам и политика |
| Географический подзаголовок | Средняя Азия |
| Хронологический подзаголовок | 20 в. |
| Системный номер авторитетной/нормативной записи | 2614454 |
| Идентификатор авторитетной/нормативной записи | RU\NLR\AUTH\661551012 |
| 686 2# - ИНДЕКСЫ ДРУГИХ КЛАССИФИКАЦИЙ | |
| Индекс | Э38-39(257)7-11 |
| 701 #1 - ИМЯ ЛИЦА - АЛЬТЕРНАТИВНАЯ ОТВЕТСТВЕННОСТЬ | |
| Начальный элемент ввода | Мухаметшин |
| Часть имени, кроме начального элемента ввода | Ф.М. |
| Даты | 1947- |
| Расширение инициалов личного имени | Фарит Мубаракшевич |
| 701 #1 - ИМЯ ЛИЦА - АЛЬТЕРНАТИВНАЯ ОТВЕТСТВЕННОСТЬ | |
| Код отношения | Автор |
| Графика поля | Кириллица |
| Материалы, к которым относится поле | rus |
| Начальный элемент ввода | Абашин |
| Часть имени, кроме начального элемента ввода | С. Н. |
| Даты | 1965- |
| Расширение инициалов личного имени | Сергей Николаевич |
| Системный номер авторитетной/нормативной записи | 243123 |
| Идентификатор авторитетной/нормативной записи | RU\NLR\AUTH\770243179 |
| 701 #1 - ИМЯ ЛИЦА - АЛЬТЕРНАТИВНАЯ ОТВЕТСТВЕННОСТЬ | |
| Начальный элемент ввода | Арапов |
| Часть имени, кроме начального элемента ввода | Д.Ю. |
| Даты | 1943- |
| Расширение инициалов личного имени | Дмитрий Юрьевич |
| 702 #1 - ИМЯ ЛИЦА - ВТОРИЧНАЯ ОТВЕТСТВЕННОСТЬ | |
| Код отношения | Редактор |
| Материалы, к которым относится поле | rus |
| Графика поля | Кириллица |
| Начальный элемент ввода | Кокошин |
| Часть имени, кроме начального элемента ввода | А. А. |
| Даты | 1945 - |
| Расширение инициалов личного имени | Андрей Афанасьевич |
| Идентификатор авторитетной/нормативной записи | RU\NLR\AUTH\773788 |
| Системный номер авторитетной/нормативной записи | 113780 |
| 712 02 - НАИМЕНОВАНИЕ ОРГАНИЗАЦИИ - ВТОРИЧНАЯ ОТВЕТСТВЕННОСТЬ | |
| Код отношения | Прочие |
| Начальный элемент ввода | МГУ им. М. В. Ломоносова |
| Структурное подразделение | Факультет мировой политики |
| Системный номер авторитетной/нормативной записи | 640061 |
| Идентификатор авторитетной/нормативной записи | RU\NLR\AUTH\8810069241 |
| 801 #0 - ИСТОЧНИК ЗАПИСИ | |
| Страна | Российская Федерация |
| Организация | NLR |
| Дата составления | 20130718 |
| Правила каталогизации | RCR |
| 801 #1 - ИСТОЧНИК ЗАПИСИ | |
| Страна | Российская Федерация |
| Организация | NLR |
| Дата составления | 20130718 |
| 942 ## - ДОПОЛНИТЕЛЬНЫЕ ЭЛЕМЕНТЫ ЗАПИСИ (АБИС) | |
| Тип экземпляра АБИС | Книга |
| 980 ## - КОЛЛЕКЦИЯ | |
| Название коллекции | НБР |
Нет доступных экземпляров.